Текст томруулах:    
World atlas (Бичлэгийн дугаар. 145778)
000 -УДИРДЛАГА
Удирдлага 01186nam a22003977a 4500
003 - ХЯНАЛТЫН ТОО ТОДОРХОЙЛОГЧ
Код MN-UlNUM
005 - БИЧИЛТ ХИЙСЭН ОГНОО
Тухайн бичилтийг бичсэн засварласан сүүлийн огноо 20251127153753.0
008 - ЕРӨНХИЙ МЭДЭЭЛЭЛ
Ерөнхий мэдээлэл 150628s2007 enkbgc e 1 eng
020 ## - ISBN
ISBN 9780756631758
040 ## - БИЧЛЭГ ҮҮСГЭГЧ БАЙГУУЛЛАГА
Бичлэг үүсгэгч номын сангийн код МУИС-ийн номын сан
084 ## - ББК АНГИЛАЛ
Нэмэлт тусгалт Гарын авлага
ББК ангилал 26.12
Зохиогчийн гурван тэмдэгт W 80
Мэдлэгийн ялгаа 2 - Байгалийн шинжлэл
100 ## - ЗОХИОГЧ
Зохиогчийн нэр
110 2# - ЭРХЛЭН ГАРГАСАН /БАЙГУУЛЛАГА/
Эрхлэн гаргасан байгууллага Dorling kindersley limited
245 10 - ҮНДСЭН ГАРЧИГ
Номын нэр World atlas
Оролцогчдын тухай мэдээ DK ; [Dorling Kindersley Cartography]
246 14 - ЗЭРЭГЦЭЭ ГАРЧИГ
Зэрэгцээ гарчиг DK world atlas : digital mapping for the 21st century
250 ## - ДАХИН ХЭВЛЭЛТ
Дахин гаралтын дугаар 7th ed.
260 ## - ГАРАЛТЫН МЭДЭЭ
Хэвлэгдсэн газар London
Хэвлэлийн газар Dorling Kindersley
Хэвлэгдсэн он 2007
300 ## - МАТЕРИАЛЫН ТОДОРХОЙЛОЛТ
хуудасны тоо 1 atlas (xxxii, 354 p.)
Бусад тоон мэдээлэл col. ill., col. maps (some folded)
Хэмжээ 37 cm
500 ## - Тайлбар
Дансны дугаар БС 5950-5951
505 ## - Агуулгын тэмдэглэгээ
Агуулгын тэмдэглэгээ World today -- Atlas of the world-North America -- South America -- Africa -- Europe -- Asia -- Australia & Oceania.
546 ## - ХЭЛНИЙ ТУХАЙ МЭДЭЭ
Хэл Англи хэл дээр,
653 ## - Түлхүүр үг
Түлхүүр үг Europe
653 ## - Түлхүүр үг
Түлхүүр үг Africa
653 ## - Түлхүүр үг
Түлхүүр үг world
740 ## - НОМЫН ГАРЧИГ
Гарчиг The world
740 ## - НОМЫН ГАРЧИГ
Гарчиг Atlas of the world North America
740 ## - НОМЫН ГАРЧИГ
Гарчиг South America
740 ## - НОМЫН ГАРЧИГ
Гарчиг Africa
740 ## - НОМЫН ГАРЧИГ
Гарчиг Europe
740 ## - НОМЫН ГАРЧИГ
Гарчиг Asia
740 ## - НОМЫН ГАРЧИГ
Гарчиг Australasia & Oceania
740 ## - НОМЫН ГАРЧИГ
Гарчиг Index-gazetteer
942 ## - ЭЛЕМЕНТИЙН ТӨРӨЛ
Зүйлийн төрөл Ном